000 01199nam a2200145Ia 4500
008 220620s9999||||xx |||||||||||||| ||und||
020 _a9788020000000
100 _aBakešová, Václava||Brezováková, Monika||Brodňanová, Silvia||Campana, Silvia||Civáňová, Zuzana||Fermín, Javier||Gallik, Ján||Gritti, Fabiano||Horka, Róbert||Hornáčková Klapicová, Edita||Juhásová, Jana||Kaizerová, Petra||Knapík, Ján||Mancebi, Juan||Pariláková, Eva||Príhodová, Edita||Rathouzská, Lucie||Rybárová, Silvia||Šavelová, Monika||Štěpánek, Pavel||Tierraseca, Mónica||Raušerová, Andrea||Sancho Fermín, Francisco||Barnés, Antonio||Kučerková, Magda||Klapicová, Edita||Mancebo Roca, Juan
245 4 _aThe Figurativeness of the Language of Mystical Experience
_bParticularities and Interpretations
546 _aEnglish[eng]
650 _amystical experience, individual and spontaneous experience, tradition, imagery, literary form, mystery, art
700 _aVázquez, Antonio||Kučerková, Magda
856 _uhttps://munispace.muni.cz/library/catalog/download/2131/5969/3377-1
942 _cEB
999 _c34875
_d34875